Verdaguer y la Diputación Provincial / por Alberto Oliveras
Colección:
San Jorge,
; núm. 9 (gener 1953), pàg 33-35
Materias:
Verdaguer, Jacint, -- 1845-1902. -- Atlàntida
; Barcelona (Catalunya : Província). -- Diputació -- Activitats culturals
Idioma:
Español
MARC
| LEADER | 00000naa a2200000 a 4500 | ||
|---|---|---|---|
| 008 | 160829s1953 spcaxx s dspa c | ||
| 100 | |a Oliveras, Alberto |9 29543 | ||
| 245 | |a Verdaguer y la Diputación Provincial / por Alberto Oliveras | ||
| 490 | |a San Jorge, |v núm. 9 (gener 1953), pàg 33-35 | ||
| 600 | 1 | 0 | |a Verdaguer, Jacint, |d 1845-1902. |t Atlàntida |9 54736 |
| 610 | 1 | 0 | |a Barcelona (Catalunya : Província). |b Diputació |x Activitats culturals |9 54737 |
| 773 | |g Núm. 9 (gener 1953), pàg 33-35 |t San Jorge. | ||
| 901 | |a Arxiu | ||
| 942 | |n 1 |2 udc |c ART | ||
| 952 | |0 0 |1 0 |4 0 |6 REV508 |7 1 |9 64321 |a Arxiu |b Arxiu |d 2022-11-23 |o Rev-508 |r 2022-11-23 00:00:00 |w 2022-11-23 |y ARXIU |z També disponible a Rev-522 | ||
| 999 | |c 50029 |d 50029 | ||